[Event "Zalakaros Barczay Memorial"]
[Site "Zalakaros"]
[Date "2020.09.02"]
[Round "3"]
[White "Bodrogi, Bendeguz"]
[Black "Ilyes, Peter"]
[Result "1-0"]
[WhiteElo "2146"]
[BlackElo "1919"]
[PlyCount "65"]
[EventDate "2020.08.31"]
[EventType "swiss"]
[EventRounds "7"]
[EventCountry "HUN"]
[SourceTitle "CBM 198 Extra"]
[Source "ChessBase"]
[SourceDate "2020.11.30"]
[SourceVersion "1"]
[SourceVersionDate "2020.11.30"]
[SourceQuality "1"]

1. c4 f5 2. Nc3 Nf6 3. d4 e6 4. g3 Bb4 5. Bg2 0-0 6. Nf3 Ne4 7. Bd2 Bxc3 8. Bxc3 d6 9. 0-0 Nxc3 10. bxc3 Nd7 11. Rb1 c6 12. Qc2 e5 13. e4 f4 14. c5 dxc5 15. dxe5 Qe7 16. Qd2 fxg3 17. hxg3 Nxe5 18. Nxe5 Qxe5 19. Rfd1 Qf6 20. Qe3 b6 21. e5 Qe6 22. Rd6 Qxa2 23. Rbd1 Be6 24. Bxc6 Qb3 25. Qd2 Bc4 26. Bxa8 Rxa8 27. Rd8+ Rxd8 28. Qxd8+ Kf7 29. Qd7+ Kf8 30. Qc8+ Kf7 31. Rd7+ Kg6 32. Rd6+ Kg5 33. f4+ 1-0

[Event "EU-ch Seniors 65 18th"]
[Site "Drammen"]
[Date "2018.08.08"]
[Round "5"]
[White "Ilyes, Peter"]
[Black "Hohler, Peter"]
[Result "1-0"]
[WhiteElo "1944"]
[BlackElo "2091"]
[PlyCount "65"]
[EventDate "2018.08.04"]
[EventType "swiss"]
[EventRounds "9"]
[EventCountry "NOR"]
[SourceTitle "CBM 186 Extra"]
[Source "ChessBase"]
[SourceDate "2018.08.24"]
[SourceVersion "1"]
[SourceVersionDate "2018.08.24"]
[SourceQuality "1"]

1. d4 Nf6 2. Bf4 d5 3. e3 Bf5 4. Nd2 e6 5. c3 c6 6. a4 Be7 7. a5 0-0 8. Qb3 Qc8 9. h3 c5 10. dxc5 Bxc5 11. Ngf3 Ne4 12. c4 Nxd2 13. Nxd2 dxc4 14. Bxc4 Nc6 15. 0-0 Qd7 16. Rfd1 Qe7 17. Bb5 Rac8 18. Nc4 Rfd8 19. Rxd8+ Rxd8 20. Rd1 Rxd1+ 21. Qxd1 e5 22. Bg3 f6 23. a6 Be6 24. f4 exf4 25. Bxf4 Nd8 26. Kh2 bxa6 27. Bxa6 Qd7 28. Qh5 Qc6 29. Na5 Qxa6 30. Qxc5 Nb7 31. Qe7 g5 32. Nxb7 gxf4 33. Nc5 1-0

[Event "EU-ch Seniors 65 17th"]
[Site "Sabadell"]
[Date "2017.08.14"]
[Round "3"]
[White "Furman, Boris"]
[Black "Ilyes, Peter"]
[Result "0-1"]
[WhiteElo "2202"]
[BlackElo "1996"]
[PlyCount "72"]
[EventDate "2017.08.12"]
[EventType "swiss"]
[EventRounds "9"]
[EventCountry "ESP"]
[SourceTitle "CBM 180 Extra"]
[Source "ChessBase"]
[SourceDate "2017.10.06"]
[SourceVersion "1"]
[SourceVersionDate "2017.10.06"]
[SourceQuality "1"]

1. d4 Nf6 2. c4 g6 3. Nc3 Bg7 4. Nf3 0-0 5. Bg5 h6 6. Bh4 c5 7. d5 d6 8. e3 g5 9. Bg3 Nh5 10. Nd2 Nxg3 11. hxg3 Bf5 12. g4 Bg6 13. Be2 Na6 14. Nf1 e6 15. Ng3 Be5 16. Nh5 exd5 17. cxd5 Rb8 18. Bd3 Nb4 19. Bf5 c4 20. 0-0 Nd3 21. Qc2 Qa5 22. f4 gxf4 23. Bxg6 fxg6 24. Nxf4 Bxf4 25. exf4 Qb6+ 26. Kh1 Qxb2 27. Qxb2 Nxb2 28. Ne4 b5 29. Rab1 Nd3 30. Nxd6 c3 31. Rb3 b4 32. f5 a5 33. a4 Nc5 34. Rbb1 b3 35. Nb5 c2 36. Rb2 gxf5 0-1

[Event "EU-ch Seniors 65 17th"]
[Site "Sabadell"]
[Date "2017.08.12"]
[Round "1"]
[White "Gaprindashvili, Nona"]
[Black "Ilyes, Peter"]
[Result "1/2-1/2"]
[WhiteElo "2316"]
[BlackElo "1996"]
[PlyCount "204"]
[EventDate "2017.08.12"]
[EventType "swiss"]
[EventRounds "9"]
[EventCountry "ESP"]
[SourceTitle "CBM 180 Extra"]
[Source "ChessBase"]
[SourceDate "2017.10.06"]
[SourceVersion "1"]
[SourceVersionDate "2017.10.06"]
[SourceQuality "1"]

1. d4 Nf6 2. c4 g6 3. Nc3 Bg7 4. e4 d6 5. Be2 0-0 6. Bg5 h6 7. Be3 Nbd7 8. Qd2 Kh7 9. f3 e5 10. d5 Nh5 11. g3 a5 12. Bd3 b6 13. Nge2 Nc5 14. Bc2 f5 15. 0-0-0 fxe4 16. fxe4 Bh3 17. Ng1 Bg4 18. Re1 Qf6 19. Qg2 Rf7 20. h3 Bd7 21. Kd2 g5 22. Bd1 Qg6 23. Nge2 Raf8 24. Ref1 Nf6 25. Bc2 a4 26. g4 a3 27. b4 Na6 28. Rb1 Kg8 29. Ng3 h5 30. Nf5 h4 31. Bd3 Ra8 32. Rb3 Nb8 33. Nb1 Nh7 34. Rxa3 Rxa3 35. Nxa3 Qf6 36. Nb1 Nf8 37. Rf1 Qd8 38. Qf3 Kh8 39. Qe2 Bf6 40. Nc3 Ng6 41. Kc2 Nf4 42. Qf3 Be8 43. Rb1 c5 44. Bf1 Ra7 45. b5 Be7 46. a4 Qd7 47. Qf2 Bg6 48. Ra1 Ra5 49. Qe1 Qa7 50. Kb3 Bf8 51. Bd2 Nd7 52. Nd1 Kg8 53. Nf2 Qa8 54. Nd3 Ra7 55. Bc3 Qe8 56. Bb2 Nf6 57. Nxf4 Bxf5 58. gxf5 gxf4 59. Qxh4 Nxe4 60. Bd3 Rh7 61. Rg1+ Ng3 62. Rxg3+ fxg3 63. Qxg3+ Rg7 64. Qf3 Rg5 65. f6 Qh5 66. Qxh5 Rxh5 67. a5 Kf7 68. axb6 Rh8 69. Bf5 Bh6 70. b7 Rb8 71. Bc8 Bd2 72. Bc3 Bxc3 73. Kxc3 Kxf6 74. Kd3 Kg5 75. Ke4 Kh5 76. Kf3 Kh4 77. b6 Kg5 78. Kg3 Kh5 79. Kf3 Kg5 80. Ke3 Kh4 81. Kd3 Kg5 82. Ke4 Kg6 83. Kf3 Kh5 84. Kg3 Kg5 85. h4+ Kh6 86. Kg4 Kg6 87. h5+ Kf6 88. Kh4 Kf7 89. Kg5 Kg7 90. h6+ Kh7 91. Kh5 Kh8 92. Kg5 Kh7 93. Kh5 Kh8 94. Kg4 Kh7 95. Kg5 Kh8 96. Kf6 e4 97. Ke7 e3 98. Bg4 Rxb7+ 99. Kxd6 Rxb6+ 100. Kxc5 Rg6 101. Bf3 Rf6 102. Bg4 Rf4 1/2-1/2

[Event "NOR-ch Mester"]
[Site "Stavanger"]
[Date "2017.07.07"]
[Round "8"]
[White "Ilyes, Peter"]
[Black "Pettersen, Joar Gullestad"]
[Result "1-0"]
[WhiteElo "2006"]
[BlackElo "2080"]
[PlyCount "55"]
[EventDate "2017.07.01"]
[EventType "swiss"]
[EventRounds "9"]
[EventCountry "NOR"]
[SourceTitle "EXT 2018"]
[Source "ChessBase"]
[SourceDate "2017.10.13"]
[SourceVersion "1"]
[SourceVersionDate "2017.10.13"]
[SourceQuality "1"]

1. d4 Nf6 2. Nf3 e6 3. Bf4 c5 4. e3 Qb6 5. Nc3 cxd4 6. exd4 a6 7. a3 d6 8. Bd3 Bd7 9. b4 Be7 10. 0-0 Nc6 11. Na4 Qc7 12. c4 0-0 13. c5 Nxd4 14. Nxd4 Bxa4 15. Qxa4 e5 16. cxd6 Bxd6 17. Rac1 Qb8 18. Nc6 bxc6 19. Bg3 Nh5 20. Rxc6 f5 21. Qd1 Nxg3 22. hxg3 Kh8 23. Bxf5 Bxb4 24. Qh5 Rxf5 25. Qxf5 Bxa3 26. Ra1 Qb2 27. Rc8+ Rxc8 28. Qxc8+ 1-0

[Event "Wch Seniors 65 26th"]
[Site "Marianske Lazne"]
[Date "2016.11.27"]
[Round "8"]
[White "Behling, Robert"]
[Black "Ilyes, Peter"]
[Result "1-0"]
[WhiteElo "2118"]
[BlackElo "1892"]
[PlyCount "99"]
[EventDate "2016.11.19"]
[EventType "swiss"]
[EventRounds "11"]
[EventCountry "CZE"]
[SourceTitle "CBM 175 Extra"]
[Source "ChessBase"]
[SourceDate "2016.12.12"]
[SourceVersion "1"]
[SourceVersionDate "2016.12.12"]
[SourceQuality "1"]

1. c4 g6 2. e4 Bg7 3. d4 d6 4. Nc3 Nf6 5. Nf3 0-0 6. Be2 Nbd7 7. 0-0 e5 8. Re1 exd4 9. Nxd4 Re8 10. f3 a5 11. Ndb5 Nc5 12. Be3 Ne6 13. Qd2 Nh5 14. g3 f5 15. exf5 gxf5 16. f4 Nf6 17. h3 Ne4 18. Nxe4 fxe4 19. Rad1 Qf6 20. b3 Bd7 21. Bg4 Bxb5 22. cxb5 a4 23. b4 b6 24. f5 Nf8 25. Qd5+ Qf7 26. Qxf7+ Kxf7 27. Bh5+ Kg8 28. Bxe8 Rxe8 29. Bd4 Bh6 30. Re2 Kf7 31. Rc2 Re7 32. Kf2 Ke8 33. Be3 Bg7 34. g4 h6 35. Bd4 Kd8 36. Bxg7 Rxg7 37. Ke3 Re7 38. Rc4 Re5 39. Rxe4 Rxb5 40. a3 Nd7 41. Kf4 Ne5 42. h4 Ke7 43. g5 h5 44. Rde1 Kf7 45. Rxe5 dxe5+ 46. Rxe5 Rxe5 47. Kxe5 c5 48. bxc5 b5 49. Kd4 b4 50. axb4 1-0

[Event "Wch Seniors 65 26th"]
[Site "Marianske Lazne"]
[Date "2016.11.24"]
[Round "6"]
[White "Janda, Zdenek"]
[Black "Ilyes, Peter"]
[Result "1-0"]
[WhiteElo "2114"]
[BlackElo "1892"]
[PlyCount "131"]
[EventDate "2016.11.19"]
[EventType "swiss"]
[EventRounds "11"]
[EventCountry "CZE"]
[SourceTitle "CBM 175 Extra"]
[Source "ChessBase"]
[SourceDate "2016.12.12"]
[SourceVersion "1"]
[SourceVersionDate "2016.12.12"]
[SourceQuality "1"]

1. d4 Nf6 2. c4 e6 3. Nf3 d5 4. Nc3 Bb4 5. Qb3 c5 6. dxc5 Nc6 7. e3 0-0 8. Be2 Ne4 9. 0-0 Nxc3 10. bxc3 Bxc5 11. Rd1 dxc4 12. Qxc4 Qe7 13. e4 f6 14. Bf4 Kh8 15. Bg3 e5 16. Rab1 Be6 17. Qa4 a6 18. Nh4 b5 19. Qc2 g6 20. a4 b4 21. cxb4 Nxb4 22. Qb2 Rab8 23. Nf3 Nc6 24. Qc3 Rxb1 25. Rxb1 Bc8 26. Bf1 Nd4 27. Nxd4 Bxd4 28. Qc6 Qa7 29. Rc1 Qd7 30. Bxa6 Qxc6 31. Rxc6 Bd7 32. Rc7 Bxa4 33. h4 Rb8 34. h5 Bb6 35. Rf7 gxh5 36. Rxf6 Bd4 37. Bc4 Kg7 38. Rf5 Rb1+ 39. Kh2 Bb5 40. Bd5 Rb2 41. f3 Bf1 42. Rg5+ Kh6 43. Bh4 Be3 44. Rg8 Bf4+ 45. Kh3 Rb6 46. Bf7 Rb7 47. Be6 Rg7 48. Rxg7 Kxg7 49. Bg3 Kf6 50. Bd7 Kg5 51. Bh4+ Kg6 52. Bf5+ Kg7 53. Bg3 Bxg3 54. Kxg3 h4+ 55. Kf2 Bd3 56. f4 exf4 57. Kf3 Bf1 58. Bh3 Kf6 59. Kxf4 h5 60. e5+ Kg6 61. Ke4 Bc4 62. Kd4 Be2 63. Kd5 Kf7 64. Kd6 Ke8 65. Bd7+ Kd8 66. e6 1-0

[Event "Wch Seniors 65 26th"]
[Site "Marianske Lazne"]
[Date "2016.11.22"]
[Round "4"]
[White "Ilyes, Peter"]
[Black "Batakovs, Olegs N"]
[Result "1-0"]
[WhiteElo "1892"]
[BlackElo "2034"]
[PlyCount "129"]
[EventDate "2016.11.19"]
[EventType "swiss"]
[EventRounds "11"]
[EventCountry "CZE"]
[SourceTitle "CBM 175 Extra"]
[Source "ChessBase"]
[SourceDate "2016.12.12"]
[SourceVersion "1"]
[SourceVersionDate "2016.12.12"]
[SourceQuality "1"]

1. e4 c5 2. Nf3 e6 3. d3 Nc6 4. g3 g6 5. Bg2 Bg7 6. 0-0 Nge7 7. Re1 d6 8. a4 0-0 9. c3 b6 10. d4 d5 11. e5 c4 12. Bg5 h6 13. Bf4 Na5 14. h4 Bd7 15. Nbd2 Nf5 16. Bh3 Rc8 17. Kh2 Re8 18. Rg1 Qe7 19. Rg2 Rb8 20. b4 cxb3 21. Nxb3 Nxb3 22. Qxb3 Rbc8 23. Rgg1 Red8 24. Rgc1 Be8 25. Bf1 Rc7 26. Bd2 Rb8 27. Kh3 Qd8 28. Rcb1 Ne7 29. a5 b5 30. a6 Rb6 31. Ra5 Rc8 32. Qa2 Rcb8 33. Ne1 Nc6 34. Raxb5 Rxb5 35. Rxb5 Rxb5 36. Bxb5 Qb6 37. Qa4 Bf8 38. Nc2 Kg7 39. Be3 Qc7 40. c4 dxc4 41. Qxc4 Be7 42. f4 Qd7 43. Bd2 Kh8 44. f5 Qd5 45. Qxd5 exd5 46. f6 Bd8 47. Bxh6 Kg8 48. Ne3 Bd7+ 49. g4 Nxe5 50. Bxd7 Nxd7 51. Nxd5 Nb8 52. Ne7+ Kh7 53. Be3 Bb6 54. Nc8 Nxa6 55. Nxb6 axb6 56. d5 b5 57. d6 Nb8 58. Bd2 Nd7 59. g5 Kg8 60. Kg4 Kf8 61. Kf4 Ke8 62. Ke4 Nb6 63. Bb4 Kd7 64. Bc5 Nc4 65. h5 1-0

[Event "Wch Seniors 65 26th"]
[Site "Marianske Lazne"]
[Date "2016.11.21"]
[Round "3"]
[White "Hutchinson, Norman A"]
[Black "Ilyes, Peter"]
[Result "1/2-1/2"]
[WhiteElo "2062"]
[BlackElo "1892"]
[PlyCount "86"]
[EventDate "2016.11.19"]
[EventType "swiss"]
[EventRounds "11"]
[EventCountry "CZE"]
[SourceTitle "CBM 175 Extra"]
[Source "ChessBase"]
[SourceDate "2016.12.12"]
[SourceVersion "1"]
[SourceVersionDate "2016.12.12"]
[SourceQuality "1"]

1. e4 d6 2. d4 g6 3. f4 Bg7 4. Nf3 Bg4 5. Be2 c6 6. Nc3 Qb6 7. e5 Nd7 8. h3 Bxf3 9. Bxf3 0-0-0 10. exd6 exd6 11. Ne4 Re8 12. Kf1 Rxe4 13. Bxe4 d5 14. Bf3 Bxd4 15. c3 Bg7 16. Qe2 Ngf6 17. Be3 Qc7 18. g3 Re8 19. Qf2 Ne4 20. Bxe4 Rxe4 21. Rd1 h5 22. Bd4 Bxd4 23. Rxd4 Nf6 24. Kg2 h4 25. g4 g5 26. fxg5 Rxd4 27. cxd4 Ne4 28. Qxh4 Qf4 29. Qe1 Qxg5 30. Rf1 Qg7 31. Qe3 f6 32. Rf5 Qc7 33. Rh5 Qb6 34. Rh8+ Kd7 35. Rh7+ Ke6 36. Qa3 c5 37. dxc5 Qb5 38. Qf3 Qxb2+ 39. Kh1 Qa1+ 40. Kh2 Qe5+ 41. Kg1 Qd4+ 42. Kh2 Qe5+ 43. Kg1 Qd4+ 1/2-1/2

[Event "Wch Seniors 65 26th"]
[Site "Marianske Lazne"]
[Date "2016.11.19"]
[Round "1"]
[White "Sobolevsky, Leonid"]
[Black "Ilyes, Peter"]
[Result "1-0"]
[WhiteElo "2207"]
[BlackElo "1892"]
[PlyCount "63"]
[EventDate "2016.11.19"]
[EventType "swiss"]
[EventRounds "11"]
[EventCountry "CZE"]
[SourceTitle "CBM 175 Extra"]
[Source "ChessBase"]
[SourceDate "2016.12.12"]
[SourceVersion "1"]
[SourceVersionDate "2016.12.12"]
[SourceQuality "1"]

1. e4 d6 2. d4 g6 3. Nc3 Bg7 4. Be3 Nf6 5. f3 0-0 6. Qd2 c6 7. 0-0-0 b5 8. Nce2 Nbd7 9. Bh6 b4 10. Bxg7 Kxg7 11. Qxb4 Rb8 12. Qc3 Qb6 13. a3 c5 14. g4 e5 15. dxe5 dxe5 16. g5 Ne8 17. Nf4 Qd8 18. h4 Kg8 19. Nd5 Bb7 20. Bh3 Bxd5 21. Rxd5 Rb7 22. Ne2 Qe7 23. Bxd7 Rxd7 24. Rxe5 Qd8 25. Nf4 Nc7 26. Rxc5 Ne6 27. Nxe6 fxe6 28. b4 Qb8 29. Qe5 Rd6 30. h5 gxh5 31. Rxh5 Rxf3 32. g6 1-0